Manažéri podielových fondov

Vymedzenie pojmu manažér podielového fondu. Pojem portfólio. Riadenie portfólia. Rozdelenie správcov fondov. Cesta k riadeniu finančných prostriedkov. Rozhodnutie o investícii.

Salvato in:
Dettagli Bibliografici
Autore principale: Klimek, Miroslav
Natura: Capitolo di libro
Lingua:slovacco
Soggetti:
Tags: Aggiungi Tag
Nessun Tag, puoi essere il primo ad aggiungerne!!

MARC

LEADER 00000naa a2200000 4500
001 0248419
005 20240502073956.3
041 0 |a slo 
044 |a SK 
245 1 0 |a Manažéri podielových fondov  |c Miroslav Klimek 
520 |a Vymedzenie pojmu manažér podielového fondu. Pojem portfólio. Riadenie portfólia. Rozdelenie správcov fondov. Cesta k riadeniu finančných prostriedkov. Rozhodnutie o investícii. 
610 2 0 |a fondy podielové 
610 2 0 |a manažéri 
610 2 0 |a portfólio 
610 2 0 |a rozhodovanie finančné 
610 2 0 |a rozhodovanie investičné 
610 2 0 |a investori 
100 1 |a Klimek, Miroslav